00829nam a22001817a 4500003000400000005001700004008004100021040000900062100004000071245019300111260001700304502012000321650003100441650004000472700004300512710002600555856006600581OSt20151026133603.0130715s2012 sp ||||| |||| 00| 0 spa d cCDMR1 aDíaz Domínguez, Mari Pazd1974-10aDe las gazetas a la prensa digitalb: dos siglos de periodismo escrito en Huelva (1810-2010)cMari Paz Díaz Domínguez ; directora María Antonia Peña Guerreroh[recurs electrònic] c2012aHuelva aTesi doctoral defensada el 17 de setembre de 2012cUniversidad de Huelva. Departamento de Historia II y Geografía04aPremsazHuelvaxHistòria04aTesis i dissertacions acadèmiques1 aPeña Guerrero, María Antoniaedir.2 aUniversidad de Huelva40uhttp://hdl.handle.net/10272/6435yDisponible en línia (UHU)